Statistiche per Paesi più Grandi dell'Egitto

Clicka qui per fare il quiz!

Statistiche generali

  • Questo quiz è stato fatto 39 volte
  • Il punteggio medio è 24 su 28

Statistiche sulle risposte

SuperficiePaese% Corretto
7,741,220Australia
100%
8,514,877Brasile
100%
9,984,670Canada
100%
9,596,961Cina
100%
1,964,375Messico
100%
17,098,242Russia
100%
9,826,675Stati Uniti
100%
2,381,741Algeria
94%
2,149,690Arabia Saudita
94%
3,287,263India
94%
1,759,540Libia
94%
2,780,400Argentina
88%
1,138,910Colombia
88%
2,724,900Kazakistan
88%
1,564,116Mongolia
88%
1,285,216Perù
88%
2,344,858Rep. Dem. del Congo
88%
1,219,090Sudafrica
88%
1,648,195Iran
82%
1,246,700Angola
76%
1,098,581Bolivia
76%
1,904,569Indonesia
76%
1,240,192Mali
71%
1,267,000Niger
71%
1,861,484Sudan
71%
1,030,700Mauritania
65%
1,284,000Ciad
59%
1,104,300Etiopia
53%

Distribuzione punteggi

Percentile per numero di risposta

Percentuale di utenti per punteggio

I tuoi punteggi nel tempo

Non hai fatto questo quiz